00610nam a2200181Ii 45000010005000000030009000050080041000140400033000550410008000880820020000961000018001162450139001342640062002733000012003353360026003473370028003733380027004012258CO-ViMGA241108s9999||||xx |||||||||||||| ||und|| aCO-ViMGAbspaerdacCO-ViMGA0 aspa04a868.998304 D67i1 aAriel Dorfman10aImaginación y Violencia en América:bEnsayos Sobre Borges, Asturias, Carpentier, García Márquez, Rulfo, Arguedas, Vargas Llosa 1a[Lugar de publicación no identificado] : Anagrama, 1972 avolumen atextbtxt2rdacontent aunmediatedbn2rdamedia avolumebnc2rdacarrier